000 01015nam a22002297a 4500
003 OSt
005 20260410100530.0
008 260410b |||||||| |||| 00| 0 eng d
040 _c0
082 _aDPer 361.3095 As41 March-December v. 34 n. 1-4
100 _aWalters, Caroline.
_eauthor.
_970330
245 _aImproving family social and mental wellbeing in the COVID-19 pandemic and beyond :
_bthe case for deep listening /
_cCaroline Walters, Carloine Lambert, Joanna Pankhurst [ and 3 others]
260 _aOxfordshire, United Kingdom :
_bRoutledge Taylor & Francis Group ,
_cJune 2024
300 _avolume 34, pages 114-127 :
_billustration ;
_c25cm.
500 _aAsia Pacific Journal of Social Work & Development, Vol. 34, No. 1, Pages 114-127, March 2024
700 _aLambert, Caroline
_eauthor.
_970484
700 _aAlvarez, Amaya.
_eauthor.
_970333
700 _aPetrakis, Melissa.
_952267
700 _aPankhurst, Joana
_eauthor.
_970485
700 _aIrving, Sarah.
_eauthor.
_970332
942 _2ddc
_cPER
999 _c24578
_d24578